| 000 | 00685nam a22002777a 4500 | ||
|---|---|---|---|
| 003 | OSt | ||
| 008 | 150515b xxu||||| |||| 00| 0 eng d | ||
| 100 | 1 | _aLindquist, H. L. | |
| 041 | _aeng | ||
| 050 | 0 | 0 | _a383.2135S |
| 245 | 1 | 0 | _aThe Stamp Specialist |
| 246 | 1 | 0 | _aVolume 1, Part 3 |
| 260 |
_aNew York, NY _bH. L. Lindquist |
||
| 300 | _a157 pages | ||
| 650 | 0 | _aGeneral | |
| 650 | 0 | _aGreat Britain | |
| 650 | 0 | _aPenny Black | |
| 650 | 0 | _aUS Classics | |
| 650 | 0 | _aImperforate Stamps | |
| 650 | 0 | _aUS Postal History | |
| 650 | 0 | _aStemaboat Mail | |
| 650 | 0 | _aWard Steamship Lines | |
| 650 | 0 | _aCancellations | |
| 650 | 0 | _aMounting Methods | |
| 650 | 0 | _aStamp Varieties | |
| 999 |
_c1461 _d1461 |
||